Резьбы учебно-методическое пособие
Учебно-методическое пособие разработано в помощь студентам, выполняющим практические работы на кафедре инженерной графики. Предназначено для аудиторной и самостоятельной работы студентов первого и второго курсов дневного отделения по направлениям 04.03.01, 05.03.03, 09.03.01, 09.03.02, 10.05.01, 10....
Bewaard in:
| Hoofdauteur: | |
|---|---|
| Andere auteurs: | , , , |
| Formaat: | Книга |
| Taal: | Russian |
| Gepubliceerd in: |
Москва
РТУ МИРЭА
2025
|
| Editie: | 2-е изд, перераб. и доп. |
| Online toegang: | https://e.lanbook.com/book/493421 https://e.lanbook.com/img/cover/book/493421.jpg |
| Tags: |
Voeg label toe
Geen labels, Wees de eerste die dit record labelt!
|
| LEADER | 02343nam0a2200337 i 4500 | ||
|---|---|---|---|
| 001 | 493421 | ||
| 003 | RuSpLAN | ||
| 005 | 20250623173232.0 | ||
| 008 | 250623s2025 ru gs 000 0 rus | ||
| 020 | |a 978-5-7339-2462-5 | ||
| 040 | |a RuSpLAN | ||
| 041 | 0 | |a rus | |
| 044 | |a ru | ||
| 080 | |a 741.02 | ||
| 084 | |a 85.15 |2 rubbk | ||
| 245 | 0 | 0 | |a Резьбы |b учебно-методическое пособие |c Вышнепольский В. И.,Кадыкова Н. С.,Егиазарян К. Т., ,Ефремов А. В.,Рустамян В. В. |
| 250 | |a 2-е изд, перераб. и доп. | ||
| 260 | |a Москва |b РТУ МИРЭА |c 2025 | ||
| 300 | |a 55 с. | ||
| 504 | |a Библиогр.: доступна в карточке книги, на сайте ЭБС Лань | ||
| 520 | 8 | |a Учебно-методическое пособие разработано в помощь студентам, выполняющим практические работы на кафедре инженерной графики. Предназначено для аудиторной и самостоятельной работы студентов первого и второго курсов дневного отделения по направлениям 04.03.01, 05.03.03, 09.03.01, 09.03.02, 10.05.01, 10.05.02, 11.03.01, 11.03.02, 11.03.03, 11.03.04, 11.05.01, 12.03.02, 12.03.04, 12.03.05, 12.05.01, 15.03.01, 15.03.04, 15.03.06, 18.03.01, 19.03.01, 20.03.01, 22.03.01, 27.03.01, 27.03.03, 27.03.04, 28.03.01, 29.03.04 при изучении начертательной геометрии, инженерной и компьютерной графики. Необходимо студентам последующих курсов при изучении других инженерных дисциплин. | |
| 521 | 8 | |a Книга из коллекции РТУ МИРЭА - Инженерно-технические науки | |
| 521 | 8 | |a СЭБ | |
| 100 | 1 | |a Вышнепольский В. И. | |
| 700 | 1 | |a Кадыкова Н. С. | |
| 700 | 1 | |a Егиазарян К. Т. | |
| 700 | 1 | |a Ефремов А. В. | |
| 700 | 1 | |a Рустамян В. В. | |
| 856 | 4 | |u https://e.lanbook.com/book/493421 | |
| 856 | 4 | 8 | |u https://e.lanbook.com/img/cover/book/493421.jpg |
| 953 | |a https://e.lanbook.com/img/cover/book/493421.jpg | ||